000 nam a22 7a 4500
999 _c15216
_d15216
005 20200309105853.0
008 200309b xxu||||| |||| 00| 0 eng d
040 _cHD K,H
245 _aThe concise Oxford Dictionary of Quotations
_cOxford Paperbacks
260 _aNew york
_bOxford university
_c1964
300 _a481,p.
942 _2lcc
_cREF
_h REF PN6031.O9